ბათუმის შოთა რუსთაველის სახელმწიფო უნივერსიტეტის ბიბლიოთეკა

ტუჩების დაავადებების სადიაგნოსტიკო კლინიკურ-მორფოლოგიური ალგორითმი / (ბიბ.ჩანაწერი № 51731)

000 -ლიდერი
ფიქსირებული სიგრძის საკონტროლო ველი 01524nam a2200241Ia 4500
001 - საკონტროლო ნომერი
საკონტროლო ველი 18723
003 - საკონტროლო ნომრის იდენტიფიკატორი
საკონტროლო ველი GE_BSU
005 - ბოლო ოპერაციის თარიღი და დრო
საკონტროლო ველი 20210415141423.0
008 - ფიქსირებული სიგრძის მონაცემთა ელემენტები - ზოგადი ინფორმაცია
ფიქსირებული სიგრძის საკონტროლო ველი 181216s2014||||ge |||||||||||||| ||geo||
040 ## - კატალოგიზაციის წყარო
Transcribing agency GE_BSU
041 ## - ენის კოდი
Language code of text/sound track or separate title geo
080 ## - უნივერსალური ათობითი კლასიფიკაციის ინდექსი
Universal Decimal Classification number 61 ბ-86
100 ## - მთავარი ჩანაწერი - პიროვნების სახელი
Personal name ბორჯაძე, მერი
9 (RLIN) 11395
245 ## - ცნობა სათაურის შესახებ
Title ტუჩების დაავადებების სადიაგნოსტიკო კლინიკურ-მორფოლოგიური ალგორითმი /
Statement of responsibility, etc მერი ბორჯაძე; სამეცნიერო ხელმძღვანელები : მანანა ივერიელი ; ომარ ხარძეიშვილი. თბილისის სახელმწიფო სამედიცინო უნივერსიტეტი.
264 ## - წარმოების, გამოცემის, დისტრიბუციის და სხვა ცნობები
გამოცემის, წარმოების, დისტრიბუციის... ადგილი თბილისი,
გამოცემის, წარმოების, დისტრიბუციის... თარიღი 2014.
300 ## - ფიზიკური აღწერა
Extent 141 გვ. ;
Other physical details 30 სმ.
653 ## - INDEX TERM--UNCONTROLLED
Uncontrolled term დისერტაცია
653 ## - INDEX TERM--UNCONTROLLED
Uncontrolled term მედიცინა
653 ## - INDEX TERM--UNCONTROLLED
Uncontrolled term ტუჩების დაავადებების სადიაგნოსტიკო კლინიკურ-მორფოლოგიური ალგორითმი
700 ## - ADDED ENTRY--PERSONAL NAME
Personal name ივერიელი, მანანა
Relator term სამეცნიერო ხელმძღვანელი
9 (RLIN) 11396
700 ## - ADDED ENTRY--PERSONAL NAME
Personal name ხარძეიშვილი, ომარ
Relator term სამეცნიერო ხელმძღვანელი
9 (RLIN) 11397
942 ## - ADDED ENTRY ELEMENTS (KOHA)
Koha item type წიგნი
Source of classification or shelving scheme
ეგზემპლარები
ჩამოწერის სტატუსი დაკარგული ეგზემპლარის სტატუსი კლასიფიკაციის წყარო ან თაროზე გაწყობის სქემა დაზიანების სტატუსი არ გაიცემა მუდმივი მდებარეობა (დაცვის ადგილი) ამჟამინდელი ადგილსამყოფელი თაროზე განთავსების ადგილი შეძენის თარიღი სრული შენახვის შიფრი შტრიხკოდი ბოლო ოპერაციის თარიღი ეგზემპლარის მიმდევრობითი ნომერი (კეტერი?) ფასის ძალაში შესვლის თარიღი ეგზემპლარის სახეობა
          ბათუმის შოთა რუსთაველის სახელმწიფო უნივერსიტეტის მთავარი ბიბლიოთეკა ბათუმის შოთა რუსთაველის სახელმწიფო უნივერსიტეტის მთავარი ბიბლიოთეკა წიგნსაცავი 2018-12-17 61 ბ-86 183 დისერტ. 2018-12-17 183 2018-12-17 დისერტაცია